00770 2200253 4500001002100000005001500021035002000036007000300056008004100059020002200100082001100122084001700133100003400150245010600184250001000290300003000300650001800330700003600348264004600384336002100430337003000451338002300481990001200504INLIS00000000000044720250729095315 a0010-0725000019ta250729 0 ind  a978-623-164-923-2 a155.25 a155.25 ARD h0 aArdhina NugrahaeniePengarang1 aHidup Terlalu Singkat Untuk Terus Bersedih :bSesungguhnya berbahagia itu mudah /cArdhina Nugrahaeni acet 1 avii, 200 halaman ;c19 cm 4aMotivasi Diri0 aIdha Nafiatul AisyiePenyunting aYogyakarta :bAnak Hebat Indonesia,c2024 2rdacontentateks 2rdamediaatanpa perantara 2rdacarrieravolume a25.0376